Footballeurs à partir de leurs cartes FIFA #spécial Ligue1 - Statistiques

Statistiques générales
  • Ce quiz a été pris 249 fois
  • Le résultat moyen est 5 sur 20
Statistiques - réponses
Par images Réponse % Correct
Anthony Lopes
64%
Vitinha
60%
Przemyslaw Frankowski
49%
Nicolas Pépé
43%
Mama Baldé
41%
Marco Bizot
31%
Téji Savanier
31%
Valentin Rongier
24%
Caio Henrique
23%
Yunis Abdelhamid
23%
Amine Gouiri
20%
Youcef Belaïli
17%
Adam Ounas
13%
Branco Van den Boomen
13%
Nuno Da Costa
11%
Ludovic Blas
9%
Souleyman Doumbia
8%
Kevin Gameiro
7%
Johan Gastien
4%
Enzo Le Fée
3%
Aucun quiz correspondant
Distribution des résultats
% des personnes avec chaque résultat
Percentile par nombre de réponses
Votre historique - résultats
Vous n’avez pas pris ce quiz